000 00752nam a2200289Ia 4500
005 20260324133811.0
008 008 260324s9999 xx 000 0 eng d
020 _a9781315197364
037 _aEBOOK
040 _aCRL
040 _beng
040 _cCRL
041 _2eng
041 _aeng
084 _qCRL
100 _aPhilippe Debroux
_91194448
245 0 _aHuman Resource Management in Japan
245 0 _bChanges and Uncertainties - A New Human Resource Management System Fitting to the Global Economy
260 _bTaylor and Francis
260 _c2003
365 _a
365 _b180
856 _uhttp://www.taylorfrancis.com/books/9781315197364
942 _cEBOOK
999 _c1793868
_d1793868